Flagi Krajów Skandynawskich - Statystyki

Ogólne statystyki
  • Ten quiz został rozwiązany 272 razy
  • Średni wynik to 5 z 5
Statystyki odpowiedzi
Obrazkowy Odpowiedź % Poprawnych
Dania
99%
Szwecja
99%
Finlandia
98%
Norwegia
98%
Islandia
96%
Nie znaleziono quizów pasujących do podanych kryteriów
Rozkład punktacji
Procent ludzi z każdym wynikiem
Percentyl według liczby udzielonych odpowiedzi
Twoja historia wyników
Nie rozwiązałeś tego quizu